| 000 | 00860cab a22001935a 4500 | ||
|---|---|---|---|
| 001 | L148586 | ||
| 008 | 091006e2009 xxkd f 000 0 eng d | ||
| 035 | _a(Sirsi) u148586 | ||
| 041 | 0 | _aeng | |
| 110 | 2 |
_aAsia Property _95589 |
|
| 245 | 0 | 0 | _aRecovery may be postponed until 2011 as spectre of oversupply haunts Asia Pacific office markets |
| 260 | _c2009 | ||
| 490 | 0 |
_aAsia Property _vSeptember 2009, 8-9(2) |
|
| 520 | _aThe short-term prospects for Asia Pacific?s office markets are blighted by oversupply and weak demand. Even the strongest markets such as Seoul will be hit by oversupply in 2010.The cycle of decline is however predicted to be a short one with a return to rental growth in 2011. Charts. Tables. Graph. | ||
| 590 | _aKA | ||
| 651 | 4 | _aAsia Pacific | |
| 690 | _aPROPERTY-COMMERCIAL PROPERTY-COMMERCIAL PROPERTY MARKET | ||
| 942 | _n0 | ||
| 999 |
_c81894 _d81894 |
||